Datum a čas kvízu
35
Celkem bodů
Celkový počet nahraných bodů na tomto kvízu bez doplňovacích otázek.
3.
Pořadí na kvízu
Konečné umístění týmu na tomto kvízu.
Zaznamenané odpovědi
| # | Otázka | Odpověď | Body | Výsledky |
|---|---|---|---|---|
| 1. | Andrej Babiš byl dle očekávání... | jeden | 1 | |
| 2. | Záchranáři v úterý ráno pomocí... | Rakousko, Grossglockner | 1 | |
| 3. | Městské divadlo v Brně v sobot... | Bílá Voda | 1 | |
| 4. | Firma Google minulý týden přej... | Gemini | 1 | |
| 5. | Který útočník minulý týden dok... | Martin Nečas. | 0 | |
| 6. | Vítězné téma facebookového hla... | 1C 2D 3A 4B | 1 | |
| 7. | Dne 4. ledna 1997 došlo ke sňa... | Havel, Veškrnová | 1 | |
| 8. | Říká vám něco jméno herečky Šá... | Irenka (Irena) | 0 | |
| 9. | Kolik tlačítek má na své předn... | tři | 0 | |
| 10. | Ke které obci se v souvislosti... | Drnovice | 0 |